<?xml version="1.0" encoding="UTF-8"?>
<record
    xmlns:xsi="http://www.w3.org/2001/XMLSchema-instance"
    xsi:schemaLocation="http://www.loc.gov/MARC21/slim http://www.loc.gov/standards/marcxml/schema/MARC21slim.xsd"
    xmlns="http://www.loc.gov/MARC21/slim">

  <leader>     nam a22     7a 4500</leader>
  <datafield tag="999" ind1=" " ind2=" ">
    <subfield code="c">336572</subfield>
    <subfield code="d">336572</subfield>
  </datafield>
  <controlfield tag="003">IT-MiCISF</controlfield>
  <controlfield tag="005">20170403173535.0</controlfield>
  <controlfield tag="008">170403b        xxu||||| |||| 00| 0 eng d</controlfield>
  <datafield tag="040" ind1=" " ind2=" ">
    <subfield code="c">IT-MiCISF</subfield>
  </datafield>
  <datafield tag="041" ind1=" " ind2=" ">
    <subfield code="a">it</subfield>
  </datafield>
  <datafield tag="100" ind1=" " ind2=" ">
    <subfield code="a">Gaiani Serena</subfield>
    <subfield code="9">56344</subfield>
  </datafield>
  <datafield tag="245" ind1=" " ind2=" ">
    <subfield code="a">Questo bimbo a chi lo do</subfield>
    <subfield code="b">Asilo nido, nonni, babysitter...</subfield>
  </datafield>
  <datafield tag="260" ind1=" " ind2=" ">
    <subfield code="a">Cinisello B. (MI)</subfield>
    <subfield code="b">San Paolo</subfield>
    <subfield code="c">2006</subfield>
  </datafield>
  <datafield tag="300" ind1=" " ind2=" ">
    <subfield code="a">pp. 125</subfield>
  </datafield>
  <datafield tag="500" ind1=" " ind2=" ">
    <subfield code="a">genitorialit&#xE0;, educazione-bambini, crescita-bambini, servizi-infanzia, rapporti-nonni-nipoti, operatori</subfield>
  </datafield>
  <datafield tag="520" ind1=" " ind2=" ">
    <subfield code="a">A chi affidare il proprio bambino? &#xC8; la domanda che solitamente precede il reinserimento lavorativo della madre, o che si fa avanti quando gli impegni di tutti i giorni pongono i genitori nella condizione di rivolgersi a qualcuno altro che non siano loro stessi per la cura e la crescita del proprio figlio.  Alla nonna? Alla suocera? All'asilo nido? E quale asilo nido? Alla tata (o baby-sitter)? A una ragazza alla pari? A una badante extracomunitaria?... A volte la scelta &#xE8; possibile, ma molte volte la scelta &#xE8; obbligata. Questo volume intende allora discutere quali sono i pro e i contro di ciascuna di queste scelte, e di come incidono sull'educazione del bambino, sulla relazione di coppia e sulla vita della famiglia.</subfield>
  </datafield>
  <datafield tag="650" ind1=" " ind2=" ">
    <subfield code="a">et&#xE0;-evolutiva</subfield>
    <subfield code="9">56123</subfield>
  </datafield>
  <datafield tag="654" ind1=" " ind2=" ">
    <subfield code="a">saggio</subfield>
  </datafield>
  <datafield tag="942" ind1=" " ind2=" ">
    <subfield code="2">ddc</subfield>
    <subfield code="c">BK</subfield>
  </datafield>
  <datafield tag="952" ind1=" " ind2=" ">
    <subfield code="0">0</subfield>
    <subfield code="1">0</subfield>
    <subfield code="2">ddc</subfield>
    <subfield code="4">0</subfield>
    <subfield code="6">A_2139_000000000000000</subfield>
    <subfield code="7">1</subfield>
    <subfield code="a">CISF</subfield>
    <subfield code="b">CISF</subfield>
    <subfield code="d">2017-04-03</subfield>
    <subfield code="l">0</subfield>
    <subfield code="o">a2139</subfield>
    <subfield code="r">2017-04-03 00:00:00</subfield>
    <subfield code="w">2017-04-03</subfield>
    <subfield code="y">BK</subfield>
  </datafield>
</record>
